000 02030cam a2200361 i 4500
001 22330977
005 20240530153745.0
008 211201s2023 mnua j 000 0 eng
010 _a 2021056821
020 _a9781645492764
_q(hardcover)
020 _a9781681528007
_q(paperback)
040 _aDLC
_beng
_erda
_cDLC
042 _apcc
050 0 0 _aBF723.I645
_bM548 2023
082 0 0 _a158.2/5083
_223/eng/20211217
092 _achildren nonfiction
_bMiller
100 1 _aMiller, Connie Colwell,
_d1976-
_eauthor.
245 1 0 _aMy friends are fighting :
_bkeeping the peace : you choose the ending /
_cby Connie Colwell Miller ; illustrated by Sofia Cardoso.
264 1 _aMankato, MN :
_bAmicus,
_c[2023]
300 _a23 pages :
_bcolor illustrations ;
_c22 cm.
336 _atext
337 _aunmediated
338 _avolume
490 0 _aMaking good choices
520 _a""When your friends are fighting-and you're stuck in the middle-how would you respond? In this choose-your-own-ending picture book, Jasmin and her friends try to make a dance video. When her friends argue, will Jasmin help make peace? Or will she make their fight worse? Readers make choices for Jasmin, with each story path leading to different outcomes. Includes four endings and discussion questions. Expressive illustrations and the power to choose your story support social-emotional learning and decision-making for kids, making this an excellent book to spark discussion and encourage kids to build positive relationships.""--
521 _aAges 6
_bAmicus
521 _aGrades 2-3
_bAmicus
650 0 _aInterpersonal conflict in children
_vJuvenile literature.
_96432184
650 0 _aFriendship in children
_vJuvenile literature.
_96405999
700 1 _aCardoso, Sofia
_c(Illustrator),
_eillustrator.
_96435991
776 0 8 _iOnline version:
_aMiller, Connie Colwell, 1976-
_tMy friends are fighting
_dMankato, MN : Amicus, [2023]
_z9781645493648
_w(DLC) 2021056822
942 _2ddc
_cBOOK
999 _c397108
_d397108